[Event "1st FIDE OWCCCC Pools-East 2021"]
[Site "Online"]
[Date "2021.02.20"]
[Round "6.18"]
[White "Guerlach, Frederic"]
[Black "Karavaev, Vladimir"]
[Result "0-1"]
[WhiteElo "2055"]
[BlackElo "2443"]
[Annotator "NA"]
[PlyCount "80"]
[EventDate "2021.02.19"]
[EventType "team-tourn"]
[EventCountry "NET"]
[SourceTitle "playchess.com"]
[Source "ChessBase"]
[SourceQuality "1"]

1. Nf3 Nf6 2. c4 g6 3. Nc3 c5 4. e4 d6 5. d4 cxd4 6. Nxd4 Bg7 7. Be2 Nc6 8. Be3 O-O 9. O-O Bd7 10. f3 Rc8 11. Qd2 a6 12. Rfc1 Re8 13. Rab1 Ne5 14. b3 Bc6 15. b4 Bd7 16. c5 dxc5 17. bxc5 Nc6 18. Nb3 Be6 19. Rd1 Qxd2 20. Bxd2 Red8 21. Na4 Nd7 22. Be3 Nde5 23. Rbc1 Nb4 24. Nb6 Nxa2 25. Nxc8 Rxc8 26. Nd4 Nxc1 27. Rxc1 Bd7 28. f4 Nc6 29. Nb3 Be6 30. Nd2 Nd4 31. Bd1 Nb5 32. Nc4 Bd4 33. Bxd4 Nxd4 34. Nb6 Rc7 35. Kf2 Bb3 36. Bg4 f5 37. Bf3 fxe4 38. Bxe4 Ne6 39. g3 Nxc5 40. Nd5 Nxe4+ 0-1

[Event "1st FIDE OWCCCC Pools-East 2021"]
[Site "Online"]
[Date "2021.02.20"]
[Round "6.18"]
[White "Latreche, Khadidja"]
[Black "Anwar, Morad Magdy"]
[Result "1/2-1/2"]
[WhiteElo "1900"]
[BlackElo "2012"]
[Annotator "NA"]
[PlyCount "77"]
[EventDate "2021.02.19"]
[EventType "team-tourn"]
[EventCountry "NET"]
[SourceTitle "playchess.com"]
[Source "ChessBase"]
[SourceQuality "1"]

1. e4 c5 2. Nf3 e6 3. d4 cxd4 4. Nxd4 a6 5. Bd3 Nf6 6. O-O Qc7 7. c4 Nc6 8. Nxc6 dxc6 9. Nc3 e5 10. Bg5 Be7 11. h3 O-O 12. Qc2 h6 13. Bh4 Be6 14. Rad1 Rfd8 15. b3 Rac8 16. Qe2 Nxe4 17. Qxe4 f5 18. Qf3 Bxh4 19. Bxf5 Bxf5 20. Qxf5 Rf8 21. Qe6+ Qf7 22. Qxf7+ Rxf7 23. g3 Bf6 24. Ne4 Re7 25. Rd6 Kf7 26. Rfd1 Rcc7 27. f3 Re6 28. Rd7+ Re7 29. Rd8 Re6 30. R8d3 Ree7 31. Kf2 b6 32. h4 Ke6 33. Rd6+ Kf7 34. Ke3 a5 35. a4 Re8 36. R6d3 Ree7 37. Rd6 Re8 38. Rd7+ Re7 39. R7d6 1/2-1/2

[Event "1st FIDE OWCCCC Pools-East 2021"]
[Site "Online"]
[Date "2021.02.20"]
[Round "6.19"]
[White "Rodin, Mihail"]
[Black "Afraoui, Solenn"]
[Result "1-0"]
[WhiteElo "2320"]
[BlackElo "1889"]
[Annotator "NA"]
[PlyCount "55"]
[EventDate "2021.02.19"]
[EventType "team-tourn"]
[EventCountry "NET"]
[SourceTitle "playchess.com"]
[Source "ChessBase"]
[SourceQuality "1"]

1. e4 c5 2. Nf3 d6 3. d4 cxd4 4. Nxd4 Nf6 5. Nc3 a6 6. Qf3 Qb6 7. Nb3 Nc6 8. h3 e6 9. g4 Be7 10. g5 Nd7 11. h4 Nb4 12. Qd1 Qc7 13. f4 b5 14. Be3 Bb7 15. Qd2 d5 16. a3 Nc6 17. exd5 Na5 18. Nxa5 Qxa5 19. Bg2 b4 20. dxe6 Bxg2 21. exd7+ Kf8 22. Qxg2 Rd8 23. Qd5 Qc7 24. axb4 Bxb4 25. O-O Rxd7 26. Qe4 Bd6 27. Rxa6 Re7 28. Ra8+ 1-0

[Event "1st FIDE OWCCCC Pools-East 2021"]
[Site "Online"]
[Date "2021.02.20"]
[Round "6.19"]
[White "Limbourg, Marina"]
[Black "Ratel, Laurent"]
[Result "0-1"]
[WhiteElo "2058"]
[BlackElo "2011"]
[Annotator "NA"]
[PlyCount "80"]
[EventDate "2021.02.19"]
[EventType "team-tourn"]
[EventCountry "NET"]
[SourceTitle "playchess.com"]
[Source "ChessBase"]
[SourceQuality "1"]

1. e4 e5 2. Nc3 Nf6 3. f4 d5 4. fxe5 Nxe4 5. d3 Nxc3 6. bxc3 d4 7. Nf3 dxc3 8. d4 Be6 9. Bd3 Be7 10. O-O Nc6 11. Kh1 Nb4 12. Be4 Nd5 13. Qd3 Qd7 14. Ng5 Bxg5 15. Bxg5 h6 16. Bf4 g5 17. Bc1 O-O-O 18. a4 Nb6 19. Qxc3 Qxd4 20. Qxd4 Rxd4 21. Bf5 Bxf5 22. Bb2 Rb4 23. Ba3 Rf4 24. g3 Rxf1+ 25. Rxf1 Be6 26. Rd1 Rd8 27. Rf1 Rd2 28. a5 Nc4 29. Bb4 Rxc2 30. Kg1 Ne3 31. Rf3 Nd5 32. Bf8 h5 33. Bh6 g4 34. Rd3 Ra2 35. Bd2 Ra1+ 36. Kf2 Rd1 37. Ke2 Rh1 38. Kf2 Rxh2+ 39. Kg1 Rh3 40. Kg2 h4 0-1

[Event "1st FIDE OWCCCC Pools-East 2021"]
[Site "Online"]
[Date "2021.02.20"]
[Round "6.19"]
[White "Pugazhendhi, Praveenkumar"]
[Black "Kavikondala, Nagendra Gopal"]
[Result "1-0"]
[WhiteElo "1834"]
[BlackElo "2100"]
[Annotator "NA"]
[PlyCount "83"]
[EventDate "2021.02.19"]
[EventType "team-tourn"]
[EventCountry "NET"]
[SourceTitle "playchess.com"]
[Source "ChessBase"]
[SourceQuality "1"]

1. d4 Nf6 2. c4 e6 3. Nf3 d5 4. Nc3 c6 5. cxd5 exd5 6. Bg5 Be7 7. e3 h6 8. Bh4 O-O 9. Qc2 Nbd7 10. Bd3 Re8 11. Bf5 Nf8 12. O-O Ne4 13. Bxe7 Qxe7 14. Bxc8 Raxc8 15. Rab1 Ng6 16. h3 f5 17. Rfc1 Qe6 18. Qb3 Rb8 19. Qc2 Rf8 20. b4 a6 21. Na4 f4 22. Nc5 Nxc5 23. bxc5 fxe3 24. Re1 exf2+ 25. Kxf2 Qf6 26. Kg1 Nf4 27. Rf1 Qg6 28. Qxg6 Nxg6 29. Rbe1 Rbe8 30. Rb1 Rf7 31. Rb2 Ree7 32. a4 Rf4 33. Rfb1 Rff7 34. Kh2 Nf4 35. Ne5 Rf8 36. g3 Ne6 37. Ng6 Ref7 38. Nxf8 Kxf8 39. Rxb7 Rf2+ 40. Kg1 Ra2 41. Ra7 Rxa4 42. Rb8+ 1-0

[Event "1st FIDE OWCCCC Pools-East 2021"]
[Site "Online"]
[Date "2021.02.20"]
[Round "6.19"]
[White "Stohanzl, Nikola"]
[Black "Minald, Andrey"]
[Result "0-1"]
[WhiteElo "1763"]
[BlackElo "2091"]
[Annotator "NA"]
[PlyCount "50"]
[EventDate "2021.02.19"]
[EventType "team-tourn"]
[EventCountry "NET"]
[SourceTitle "playchess.com"]
[Source "ChessBase"]
[SourceQuality "1"]

1. f4 d5 2. Nf3 g6 3. e3 Bg7 4. Nc3 Nf6 5. b3 O-O 6. Bd3 c5 7. O-O Nc6 8. Bb2 a6 9. a4 b6 10. Qe1 Nb4 11. Rc1 Bb7 12. Qh4 d4 13. exd4 Nxd3 14. cxd3 Bxf3 15. Rxf3 Qxd4+ 16. Qf2 Ng4 17. Qxd4 Bxd4+ 18. Kh1 Nf2+ 19. Rxf2 Bxf2 20. Ne4 Bd4 21. Bc3 Rfd8 22. Rd1 Ra7 23. g4 Rad7 24. f5 Bxc3 25. dxc3 Rxd3 0-1

[Event "1st FIDE OWCCCC Pools-East 2021"]
[Site "Online"]
[Date "2021.02.20"]
[Round "6.19"]
[White "Pandey Aditya"]
[Black "Konstantinov, Vasiliy"]
[Result "0-1"]
[WhiteElo "1328"]
[BlackElo "2196"]
[Annotator "NA"]
[PlyCount "132"]
[EventDate "2021.02.19"]
[EventType "team-tourn"]
[EventCountry "NET"]
[SourceTitle "playchess.com"]
[Source "ChessBase"]
[SourceQuality "1"]

1. Nf3 e6 2. c4 d5 3. e3 Nf6 4. Nc3 Be7 5. d4 O-O 6. Qc2 Nbd7 7. Bd3 dxc4 8. Bxc4 a6 9. O-O b5 10. Bd3 c5 11. b3 Bb7 12. Ne5 Rc8 13. Qd2 cxd4 14. exd4 Bb4 15. Bb2 Nxe5 16. dxe5 Ne4 17. Qe3 Nxc3 18. Bxc3 Bxc3 19. Rac1 b4 20. Rfd1 Qh4 21. Qb6 Rb8 22. Qe3 Qg4 23. Bf1 Qf5 24. Bd3 Qxe5 25. Qxe5 Bxe5 26. f3 Rbc8 27. Bc4 Rfd8 28. h3 Bf6 29. Kf1 Rxd1+ 30. Rxd1 Rd8 31. Ke2 Rxd1 32. Kxd1 Kf8 33. Ke2 Ke7 34. g3 Kd6 35. Ke3 Kc5 36. h4 a5 37. Bd3 h6 38. h5 Bc6 39. g4 Bb5 40. Be4 Bc6 41. Bd3 a4 42. f4 Bd4+ 43. Ke2 axb3 44. axb3 Bb5 45. Bxb5 Kxb5 46. Kd3 Kc5 47. Ke4 Bb2 48. f5 e5 49. Ke3 Kd5 50. Kf3 e4+ 51. Ke3 Bc1+ 52. Ke2 Kd4 53. Kd1 Bf4 54. Ke2 f6 55. Kd1 Kc3 56. Ke2 Kxb3 57. Kd1 Kc3 58. Ke2 b3 59. Kf2 b2 60. g5 hxg5 61. h6 gxh6 62. Kg2 Kd3 63. Kh3 h5 64. Kg2 Ke2 65. Kh3 b1=Q 66. Kg2 Qf1# 0-1

[Event "1st FIDE OWCCCC Pools-East 2021"]
[Site "Online"]
[Date "2021.02.20"]
[Round "6.20"]
[White "Vishnyakova, Svetlana"]
[Black "Rangarajan, Anand"]
[Result "1-0"]
[WhiteElo "1934"]
[BlackElo "1593"]
[Annotator "NA"]
[PlyCount "109"]
[EventDate "2021.02.19"]
[EventType "team-tourn"]
[EventCountry "NET"]
[SourceTitle "playchess.com"]
[Source "ChessBase"]
[SourceQuality "1"]

1. e4 e5 2. Nf3 Nc6 3. Bb5 Bc5 4. c3 Nge7 5. d4 exd4 6. cxd4 Bb6 7. Nc3 O-O 8. O-O h6 9. h3 d5 10. e5 Bf5 11. Na4 Bh7 12. Nxb6 axb6 13. Bd3 Bxd3 14. Qxd3 Ng6 15. a3 Nh4 16. Nxh4 Qxh4 17. Be3 Rae8 18. Kh2 Re6 19. g3 Qh5 20. f4 f5 21. Rac1 Qf7 22. Qb3 Qd7 23. Qc2 Rf7 24. Rg1 Na5 25. b3 Qb5 26. Rb1 Nc6 27. g4 fxg4 28. hxg4 Nd8 29. f5 Rc6 30. Qd2 Qa5 31. Qxa5 bxa5 32. Rbc1 Rb6 33. Rc3 Kf8 34. Rgc1 c6 35. Bd2 Ra6 36. a4 b6 37. Kg3 Raa7 38. e6 Rfe7 39. Bf4 Ke8 40. Bd6 Reb7 41. Kf4 b5 42. Bc5 Ra6 43. Ke5 bxa4 44. bxa4 Rb2 45. Rf3 Re2+ 46. Kf4 Ra2 47. Rb1 Ra8 48. Ke5 Re2+ 49. Kd6 Rc8 50. Rb6 Ra2 51. Rfb3 Rxa4 52. Rb8 Rxb8 53. Rxb8 g5 54. Bb6 Rb4 55. Rxd8# 1-0

[Event "1st FIDE OWCCCC Pools-East 2021"]
[Site "Online"]
[Date "2021.02.20"]
[Round "6.20"]
[White "Steel, Sarel"]
[Black "Balint, Laszlo"]
[Result "0-1"]
[WhiteElo "1676"]
[BlackElo "1543"]
[Annotator "NA"]
[PlyCount "92"]
[EventDate "2021.02.19"]
[EventType "team-tourn"]
[EventCountry "NET"]
[SourceTitle "playchess.com"]
[Source "ChessBase"]
[SourceQuality "1"]

1. d4 Nf6 2. Nf3 e6 3. c4 d5 4. Nc3 c6 5. Bg5 Be7 6. e3 O-O 7. Qc2 Na6 8. a3 Nc7 9. Rd1 Bd7 10. Bd3 h6 11. Bh4 Nce8 12. O-O Rc8 13. Ne5 dxc4 14. Bxc4 Nd6 15. Ba2 Nd5 16. Bxe7 Qxe7 17. Bb1 Nf6 18. e4 c5 19. Nxd7 Nxd7 20. e5 Nf5 21. f4 g6 22. Qe4 cxd4 23. Nb5 Ne3 24. Nd6 Rc7 25. Qxd4 Nxf1 26. Rxf1 Rd8 27. Rd1 Nb6 28. b3 Rcd7 29. h4 h5 30. Qf2 Nd5 31. Ne4 Qxa3 32. g4 hxg4 33. Qg3 Nxf4 34. Nf6+ Kg7 35. Rxd7 Ne2+ 36. Kg2 Rxd7 37. Qe3 Rd4 38. Ne8+ Kf8 39. Nd6 Nf4+ 40. Kg3 Qb2 41. Be4 Ne2+ 42. Kxg4 Qd2 43. Qf3 f5+ 44. exf6 Nc3 45. Qf4 Qxf4+ 46. Kxf4 Rxd6 0-1

[Event "1st FIDE OWCCCC Pools-East 2021"]
[Site "Online"]
[Date "2021.02.20"]
[Round "6.20"]
[White "lsky"]
[Black "Iljushina, Olga"]
[Result "0-1"]
[WhiteElo "1667"]
[BlackElo "2132"]
[Annotator "NA"]
[PlyCount "76"]
[EventDate "2021.02.19"]
[EventType "team-tourn"]
[EventCountry "NET"]
[SourceTitle "playchess.com"]
[Source "ChessBase"]
[SourceQuality "1"]

1. e4 c5 2. Nf3 Nc6 3. d4 cxd4 4. Nxd4 e5 5. Nf3 Bc5 6. Nc3 Nf6 7. Bg5 Qb6 8. Qd2 Ng4 9. Bh4 Qxb2 10. Rb1 Qa3 11. Rb3 Qa5 12. Rb5 Qa3 13. Rb3 Qa5 14. Rb5 Bxf2+ 15. Bxf2 Qd8 16. Bh4 f6 17. h3 Nh6 18. Nxe5 Qe7 19. Nxc6 dxc6 20. Rh5 Be6 21. Rxh6 gxh6 22. Qxh6 Rf8 23. Bd3 O-O-O 24. O-O Qc5+ 25. Kh1 Qxc3 26. Bxf6 Rxf6 27. Qxf6 Qxf6 28. Rxf6 Bxa2 29. Re6 Bxe6 30. Kh2 a5 31. e5 a4 32. Bxh7 a3 33. Bd3 a2 34. c4 a1=Q 35. g4 Qxe5+ 36. Kg2 Rxd3 37. g5 Qe2+ 38. Kg1 Rd1# 0-1

[Event "1st FIDE OWCCCC Pools-East 2021"]
[Site "Online"]
[Date "2021.02.20"]
[Round "6.20"]
[White "Rouda, Hanna"]
[Black "Andrle, Miroslav"]
[Result "1-0"]
[WhiteElo "1449"]
[BlackElo "1409"]
[Annotator "NA"]
[PlyCount "73"]
[EventDate "2021.02.19"]
[EventType "team-tourn"]
[EventCountry "NET"]
[SourceTitle "playchess.com"]
[Source "ChessBase"]
[SourceQuality "1"]

1. Nf3 d5 2. d4 c6 3. g3 Bg4 4. Bg2 e6 5. O-O Nf6 6. c4 c5 7. Nc3 dxc4 8. Ne5 Qb6 9. Na4 Qc7 10. Nxc4 Nc6 11. Nxc5 Bxc5 12. dxc5 O-O 13. Bf4 Qd8 14. Nd6 Nd5 15. Bd2 Qd7 16. h3 Bh5 17. g4 Bg6 18. Bg5 h6 19. Bh4 b6 20. Bg3 bxc5 21. Rc1 c4 22. Nxc4 a5 23. e4 Nf6 24. e5 Nd5 25. Bxd5 exd5 26. Nb6 Qb7 27. Nxa8 Rxa8 28. Qxd5 Rd8 29. Qxc6 Qxb2 30. Qc7 Ra8 31. a4 Bd3 32. Rfd1 Qb3 33. Qd6 Bg6 34. Qd5 Qxa4 35. Qxa8+ Kh7 36. Ra1 Qc6 37. Qxc6 1-0

[Event "1st FIDE OWCCCC Pools-East 2021"]
[Site "Online"]
[Date "2021.02.20"]
[Round "6.20"]
[White "Vudumula, Deepthi"]
[Black "Palaniappan, Saraswathi"]
[Result "0-1"]
[WhiteElo "908"]
[BlackElo "1648"]
[Annotator "NA"]
[PlyCount "72"]
[EventDate "2021.02.19"]
[EventType "team-tourn"]
[EventCountry "NET"]
[SourceTitle "playchess.com"]
[Source "ChessBase"]
[SourceQuality "1"]

1. e4 e5 2. Nc3 Nf6 3. Nf3 Nc6 4. Bb5 d6 5. d3 Bd7 6. Bg5 a6 7. Ba4 h6 8. Bh4 Be7 9. O-O Nd4 10. Bxd7+ Qxd7 11. Nd5 Nxf3+ 12. gxf3 Nxd5 13. exd5 Bxh4 14. Kg2 Rg8 15. Qe2 g5 16. Rg1 O-O-O 17. Kf1 Qh3+ 18. Ke1 Qxh2 19. Rf1 f5 20. Kd2 Qf4+ 21. Qe3 Qxe3+ 22. Kxe3 g4 23. Rae1 g3 24. Ke2 gxf2 25. Rxf2 Bxf2 26. Kxf2 h5 27. Rg1 Rxg1 28. Kxg1 Rg8+ 29. Kh2 c6 30. Kh3 cxd5 31. Kh4 e4 32. f4 e3 33. Kxh5 e2 34. Kh6 e1=Q 35. Kh7 Rg3 36. Kh8 Qh1# 0-1

[Event "1st FIDE OWCCCC Pools-East 2021"]
[Site "Online"]
[Date "2021.02.20"]
[Round "6.21"]
[White "Wafa, Shrook"]
[Black "Sharma, Keshav"]
[Result "1/2-1/2"]
[WhiteElo "2182"]
[BlackElo "2034"]
[Annotator "NA"]
[PlyCount "115"]
[EventDate "2021.02.19"]
[EventType "team-tourn"]
[EventCountry "NET"]
[SourceTitle "playchess.com"]
[Source "ChessBase"]
[SourceQuality "1"]

1. e4 c5 2. Nf3 e6 3. Nc3 Nc6 4. Bb5 Nge7 5. O-O a6 6. Bxc6 Nxc6 7. d4 cxd4 8. Nxd4 Qc7 9. Be3 b5 10. Qg4 d6 11. Nxc6 Qxc6 12. a3 Bb7 13. Rac1 g6 14. Bd4 e5 15. Be3 Qc8 16. Qxc8+ Rxc8 17. Rfd1 Be7 18. Nd5 Bxd5 19. Rxd5 O-O 20. c3 f5 21. exf5 gxf5 22. f4 e4 23. Rcd1 Rc6 24. Kf2 Kg7 25. h3 h5 26. g4 hxg4 27. hxg4 fxg4 28. Rg1 Bh4+ 29. Ke2 g3 30. Rh5 Bf6 31. Rxg3+ Kf7 32. Rh7+ Ke6 33. Rh6 d5 34. Rgg6 Rc7 35. Bd4 Rcf7 36. Ke3 Kf5 37. Bxf6 Rxf6 38. Rg5+ Ke6 39. Re5+ Kd6 40. Rxf6+ Rxf6 41. Kd4 Rxf4 42. Rxd5+ Kc6 43. Re5 Rf2 44. b4 Ra2 45. Rxe4 Rxa3 46. Re6+ Kd7 47. Rh6 Kc7 48. Rh3 Kb6 49. Kd5 a5 50. bxa5+ Kxa5 51. Kc5 Rb3 52. Rd3 Ka4 53. Rd4+ Ka3 54. c4 bxc4 55. Rxc4 Kb2 56. Kd4 Ka3 57. Rc3 Rxc3 58. Kxc3 1/2-1/2

[Event "1st FIDE OWCCCC Pools-East 2021"]
[Site "Online"]
[Date "2021.02.20"]
[Round "6.21"]
[White "Garcia Lopez, Nicolas"]
[Black "Tsichlis, Georgios"]
[Result "0-1"]
[WhiteElo "2039"]
[BlackElo "2167"]
[Annotator "NA"]
[PlyCount "70"]
[EventDate "2021.02.19"]
[EventType "team-tourn"]
[EventCountry "NET"]
[SourceTitle "playchess.com"]
[Source "ChessBase"]
[SourceQuality "1"]

1. e4 e5 2. Nc3 Nf6 3. f4 d5 4. fxe5 Nxe4 5. Qe2 Nc6 6. Nf3 Nxc3 7. dxc3 Be7 8. Bf4 Be6 9. O-O-O Qd7 10. Qf2 O-O-O 11. Bb5 a6 12. Ba4 b5 13. Bb3 Kb7 14. c4 bxc4 15. Bxc4 Na5 16. Bd3 Qa4 17. Kb1 Qxf4 18. Qe2 Nc4 19. b3 Na3+ 20. Kb2 Ra8 21. g3 Qb4 22. c3 Qb6 23. Nd4 c5 24. Nxe6 fxe6 25. Ka1 Rhf8 26. c4 Qb4 27. Kb2 a5 28. cxd5 exd5 29. Bxh7 c4 30. Rxd5 c3+ 31. Ka1 Rad8 32. Rhd1 c2 33. Rd7+ Rxd7 34. Rxd7+ Kc8 35. Bxc2 Qc3# 0-1

[Event "1st FIDE OWCCCC Pools-East 2021"]
[Site "Online"]
[Date "2021.02.20"]
[Round "6.21"]
[White "Bryushinin, Aleksander"]
[Black "Fischer, Andre"]
[Result "1-0"]
[WhiteElo "1929"]
[BlackElo "2279"]
[Annotator "NA"]
[PlyCount "73"]
[EventDate "2021.02.19"]
[EventType "team-tourn"]
[EventCountry "NET"]
[SourceTitle "playchess.com"]
[Source "ChessBase"]
[SourceQuality "1"]

1. d4 Nf6 2. c4 e6 3. Nf3 c5 4. d5 exd5 5. cxd5 d6 6. Nc3 g6 7. Bf4 a6 8. a4 Bg7 9. h3 O-O 10. e3 Qe7 11. Be2 Nbd7 12. O-O Ne8 13. Re1 Rb8 14. a5 f5 15. Ng5 Ndf6 16. Na4 Ne4 17. Ne6 Rf7 18. f3 N4f6 19. Naxc5 Nh5 20. Bh2 f4 21. Nxg7 Nexg7 22. Ne6 fxe3 23. Bc4 Ne8 24. Rxe3 Qh4 25. Re4 Qf6 26. Qe2 Bd7 27. Re1 Rc8 28. b3 Nhg7 29. Nd4 Nc7 30. Kh1 Bf5 31. Nxf5 Nxf5 32. Re6 Nxe6 33. dxe6 Re7 34. Qe4 Ng7 35. Bxd6 Rxc4 36. Qxc4 Rxe6 37. Qc8+ 1-0

[Event "1st FIDE OWCCCC Pools-East 2021"]
[Site "Online"]
[Date "2021.02.20"]
[Round "6.21"]
[White "Kishorekumar, V.."]
[Black "Deshpande Jaywant"]
[Result "1-0"]
[WhiteElo "1831"]
[BlackElo "1271"]
[Annotator "NA"]
[PlyCount "65"]
[EventDate "2021.02.19"]
[EventType "team-tourn"]
[EventCountry "NET"]
[SourceTitle "playchess.com"]
[Source "ChessBase"]
[SourceQuality "1"]

1. d4 f5 2. c4 Nf6 3. Nc3 e6 4. Bf4 d6 5. e3 b6 6. Nf3 Bb7 7. Be2 Be7 8. d5 e5 9. Bg3 O-O 10. O-O Nh5 11. h3 Nxg3 12. fxg3 Nd7 13. e4 f4 14. gxf4 Rxf4 15. Nh2 Bg5 16. Bg4 Nf8 17. Rxf4 Bxf4 18. Qf3 Qg5 19. Rf1 Bc8 20. Kh1 Bxg4 21. Qxg4 Qxg4 22. Nxg4 Nd7 23. Nb5 Rc8 24. Nxa7 Ra8 25. Nb5 Rxa2 26. Nxc7 Rxb2 27. Nb5 h5 28. Nf2 Be3 29. Nd3 Rb3 30. Rd1 Bc5 31. Nxc5 dxc5 32. Nd6 Rb2 33. Ra1 1-0

[Event "1st FIDE OWCCCC Pools-East 2021"]
[Site "Online"]
[Date "2021.02.20"]
[Round "6.21"]
[White "rookie"]
[Black "Boumediene, Ahmed Amine"]
[Result "1-0"]
[WhiteElo "1829"]
[BlackElo "1167"]
[Annotator "NA"]
[PlyCount "57"]
[EventDate "2021.02.19"]
[EventType "team-tourn"]
[EventCountry "NET"]
[SourceTitle "playchess.com"]
[Source "ChessBase"]
[SourceQuality "1"]

1. e4 e5 2. Nf3 f6 3. Bc4 Ne7 4. d4 exd4 5. Nxd4 a6 6. Nc3 b5 7. Bb3 b4 8. Nd5 Nxd5 9. exd5 Qe7+ 10. Be3 g5 11. O-O d6 12. Re1 Qe5 13. Bd2 Qe7 14. Rxe7+ Bxe7 15. Qh5+ Kd8 16. Bxb4 a5 17. Bc3 a4 18. Bc4 Ba6 19. Bxa6 Nxa6 20. Nc6+ Kc8 21. Nxe7+ Kb7 22. Bxf6 Rhf8 23. Qxg5 Nc5 24. f3 Ra5 25. Nc6 Rb5 26. b4 Re8 27. bxc5 Rxc5 28. Rb1+ Ka6 29. Qd2 1-0

[Event "1st FIDE OWCCCC Pools-East 2021"]
[Site "Online"]
[Date "2021.02.20"]
[Round "6.22"]
[White "Aakanksha Hagawane"]
[Black "Karthikeyan, P.."]
[Result "1-0"]
[WhiteElo "2238"]
[BlackElo "2404"]
[Annotator "NA"]
[PlyCount "45"]
[EventDate "2021.02.19"]
[EventType "team-tourn"]
[EventCountry "NET"]
[SourceTitle "playchess.com"]
[Source "ChessBase"]
[SourceQuality "1"]

1. e4 c5 2. Nf3 d6 3. Bb5+ Nc6 4. O-O e5 5. c3 Bd7 6. d4 a6 7. Bxc6 Bxc6 8. dxe5 dxe5 9. Nxe5 Qh4 10. Nxc6 bxc6 11. Qa4 Qf6 12. Na3 Be7 13. Nc4 Nh6 14. e5 Qe6 15. Nd6+ Kd7 16. Rd1 a5 17. Nf5+ Kc7 18. Nxe7 Qxe7 19. Rd6 Ra6 20. Bxh6 gxh6 21. Rad1 Qxe5 22. Qc4 Re8 23. Rd7+ 1-0

[Event "1st FIDE OWCCCC Pools-East 2021"]
[Site "Online"]
[Date "2021.02.20"]
[Round "6.22"]
[White "Stamos, Filippos"]
[Black "Torres Morales, Ferran"]
[Result "1-0"]
[WhiteElo "2152"]
[BlackElo "1791"]
[Annotator "NA"]
[PlyCount "81"]
[EventDate "2021.02.19"]
[EventType "team-tourn"]
[EventCountry "NET"]
[SourceTitle "playchess.com"]
[Source "ChessBase"]
[SourceQuality "1"]

1. d4 Nf6 2. c4 g6 3. Nc3 Bg7 4. e4 d6 5. Nf3 O-O 6. Be2 Nc6 7. d5 Nb8 8. Bg5 e5 9. Nd2 Nbd7 10. b4 a5 11. a3 axb4 12. axb4 Rxa1 13. Qxa1 h6 14. Be3 Nh7 15. O-O f5 16. f3 f4 17. Bf2 g5 18. c5 Ndf6 19. Nc4 g4 20. Nb5 Bd7 21. Qa5 Bxb5 22. Qxb5 Qb8 23. Na5 gxf3 24. gxf3 c6 25. dxc6 bxc6 26. Qxb8 Rxb8 27. Nxc6 Ra8 28. cxd6 Nd7 29. b5 Bf8 30. Rd1 Rc8 31. Bc4+ Kg7 32. Be6 Nhf6 33. Bh4 Re8 34. Bxf6+ Nxf6 35. d7 Bc5+ 36. Kg2 Nxd7 37. Rxd7+ Kf6 38. Bd5 Ra8 39. Rf7+ Kg5 40. Rf5+ Kh4 41. Nxe5 1-0

[Event "1st FIDE OWCCCC Pools-East 2021"]
[Site "Online"]
[Date "2021.02.20"]
[Round "6.22"]
[White "Blodig, Constantin"]
[Black "Isakov, Andrey"]
[Result "1-0"]
[WhiteElo "2105"]
[BlackElo "2183"]
[Annotator "NA"]
[PlyCount "121"]
[EventDate "2021.02.19"]
[EventType "team-tourn"]
[EventCountry "NET"]
[SourceTitle "playchess.com"]
[Source "ChessBase"]
[SourceQuality "1"]

1. e4 e6 2. d4 d5 3. Nd2 Nf6 4. e5 Nfd7 5. Bd3 c5 6. c3 Nc6 7. Ne2 f6 8. Nf4 Nb6 9. Qh5+ Kd7 10. Ng6 Qe8 11. Nxf8+ Qxf8 12. dxc5 Nxe5 13. Bb5+ Kc7 14. cxb6+ Kxb6 15. Qe2 a6 16. Ba4 Qd6 17. Nb3 Bd7 18. Be3+ Kc7 19. Bc5 Nd3+ 20. Qxd3 Qe5+ 21. Qe3 Bxa4 22. O-O Qxe3 23. fxe3 b6 24. Ba3 Bb5 25. Rf2 e5 26. Rd1 Rad8 27. Rfd2 Bc4 28. Kf2 Rd7 29. e4 Kc6 30. exd5+ Bxd5 31. c4 Be6 32. Rd6+ Kc7 33. c5 Rxd6 34. Rxd6 Bxb3 35. cxb6+ Kb7 36. axb3 e4 37. Bc5 Rc8 38. b4 a5 39. Rd7+ Ka6 40. Ra7+ Kb5 41. Rxa5+ Kc6 42. Ra7 Rb8 43. Rxg7 f5 44. Rxh7 f4 45. Re7 e3+ 46. Kf3 Kb5 47. Kxf4 e2 48. Rxe2 Rb7 49. Re5 Rf7+ 50. Rf5 Rb7 51. h4 Kc4 52. h5 Kb3 53. h6 Kxb2 54. g4 Kb3 55. g5 Kc4 56. g6 Kb5 57. h7 Ka6 58. h8=Q Kb5 59. Qe8+ Kc4 60. Qe4+ Kb5 61. Qxb7 1-0

[Event "1st FIDE OWCCCC Pools-East 2021"]
[Site "Online"]
[Date "2021.02.20"]
[Round "6.22"]
[White "Shyamu, Sharma"]
[Black "Bottino, Alexiei"]
[Result "1/2-1/2"]
[WhiteElo "2100"]
[BlackElo "2008"]
[Annotator "NA"]
[PlyCount "61"]
[EventDate "2021.02.19"]
[EventType "team-tourn"]
[EventCountry "NET"]
[SourceTitle "playchess.com"]
[Source "ChessBase"]
[SourceQuality "1"]

1. d4 d5 2. Nf3 Nf6 3. e3 Bg4 4. c4 e6 5. Nc3 c6 6. Be2 Bd6 7. Qb3 Qb6 8. Qc2 Qd8 9. h3 Bh5 10. Qb3 Qb6 11. Qc2 Qd8 12. O-O Nbd7 13. Qb3 Qb6 14. Qa4 Qd8 15. cxd5 exd5 16. Qc2 Qe7 17. Re1 O-O 18. a3 Bg6 19. Bd3 Ne4 20. Nd2 Rfe8 21. Bxe4 dxe4 22. b4 Rac8 23. Bb2 Qh4 24. Qa4 a6 25. Rac1 Bb8 26. Qb3 Bf5 27. Nf1 Re6 28. Ne2 Rg6 29. Neg3 Be6 30. Qc2 Nf6 31. Qc5 1/2-1/2

[Event "1st FIDE OWCCCC Pools-East 2021"]
[Site "Online"]
[Date "2021.02.20"]
[Round "6.22"]
[White "Deboosere, Adam Moussa"]
[Black "Ps, Sachin"]
[Result "0-1"]
[WhiteElo "1702"]
[BlackElo "1535"]
[Annotator "NA"]
[PlyCount "86"]
[EventDate "2021.02.19"]
[EventType "team-tourn"]
[EventCountry "NET"]
[SourceTitle "playchess.com"]
[Source "ChessBase"]
[SourceQuality "1"]

1. Nf3 d5 2. c4 c6 3. d4 Nf6 4. Nc3 a6 5. e3 b5 6. cxb5 cxb5 7. Be2 Bf5 8. O-O e6 9. Nh4 Bg6 10. a3 Bd6 11. Re1 Nbd7 12. b3 Rc8 13. Bb2 Qc7 14. h3 O-O 15. Nxg6 hxg6 16. Rc1 Qa5 17. b4 Qd8 18. Bd3 Nb6 19. e4 dxe4 20. Bxe4 Nxe4 21. Nxe4 Nc4 22. Qe2 Bf4 23. Rcd1 Qd5 24. Nc5 Rc6 25. Rd3 Rd8 26. Bc1 Bb8 27. Ne4 Rdc8 28. Nc3 Qd6 29. g3 Qc7 30. d5 Rd6 31. Bf4 e5 32. Bxe5 Nxe5 33. Qxe5 Qc4 34. Rde3 Rf6 35. Qe7 Qb3 36. Qb7 Rxc3 37. Qxb8+ Kh7 38. Re8 g5 39. d6 Rxg3+ 40. fxg3 Qxg3+ 41. Kh1 Qxh3+ 42. Kg1 Qg3+ 43. Kh1 Rh6# 0-1

[Event "1st FIDE OWCCCC Pools-East 2021"]
[Site "Online"]
[Date "2021.02.20"]
[Round "6.23"]
[White "Saarja, Sreeram"]
[Black "Saim, Mohamed Ilias"]
[Result "1-0"]
[WhiteElo "2032"]
[BlackElo "2171"]
[Annotator "NA"]
[PlyCount "69"]
[EventDate "2021.02.19"]
[EventType "team-tourn"]
[EventCountry "NET"]
[SourceTitle "playchess.com"]
[Source "ChessBase"]
[SourceQuality "1"]

1. Nf3 Nf6 2. c4 g6 3. Nc3 Bg7 4. e4 d6 5. d4 Nbd7 6. Be2 e5 7. O-O O-O 8. Be3 h6 9. dxe5 dxe5 10. Qc1 Kh7 11. Rd1 Qe7 12. Nd5 Nxd5 13. cxd5 f5 14. Qxc7 f4 15. Bd2 g5 16. h3 h5 17. d6 Qf6 18. h4 gxh4 19. Bb5 Rf7 20. Bc4 Rf8 21. Bc3 Nb6 22. Bxe5 Qg6 23. Nxh4 Qg5 24. Nf3 Qg4 25. Qe7 Nxc4 26. Ng5+ Qxg5 27. Qxg5 Nxe5 28. Rd5 Nd7 29. Rc1 f3 30. Rc7 fxg2 31. Qxh5+ Kg8 32. Rg5 Rf7 33. e5 Nxe5 34. Rxe5 Rxc7 35. Re8+ 1-0